| 000 | 01543cam a2200289 4500500 | ||
|---|---|---|---|
| 005 | 20260329021533.0 | ||
| 041 | _afre | ||
| 042 | _adc | ||
| 100 | 1 | 0 |
_aGerena, Edison _eauthor |
| 700 | 1 | 0 |
_aDupont, Charlotte _eauthor |
| 700 | 1 | 0 |
_aBanrezes, Bernadette _eauthor |
| 700 | 1 | 0 |
_aChavatte-Palmer, Pascale _eauthor |
| 700 | 1 | 0 |
_aLévy, Rachel _eauthor |
| 700 | 1 | 0 |
_aHaliyo, Sinan _eauthor |
| 245 | 0 | 0 | _aRobotisation de la fécondation in vitro : avantages, état actuel et perspectives |
| 260 | _c2024. | ||
| 500 | _a22 | ||
| 520 | _aThis mini-review highlights advances in the robotisation of in vitro fertilisation: from the advantages it offers, to recent innovations in the Assisted Reproductive Technology (ART) field to new micromanipulation techniques adapted to the changing needs of ART laboratories. | ||
| 520 | _aCette mini-revue met en lumière les avancées dans la robotisation de la fécondation in vitro : des avantages qu’elle offre, en passant par des innovations récentes dans le parcours d’assistance médicale à la procréation (AMP) et aux nouvelles techniques de micromanipulation adaptées à l’évolution des besoins de laboratoires d’AMP. | ||
| 690 | _afécondation | ||
| 690 | _ain vitro | ||
| 690 | _arobotisation | ||
| 690 | _ain vitro fertilisation | ||
| 690 | _arobotisation | ||
| 786 | 0 | _nMédecine de la Reproduction | 26 | 1 | 2024-01-09 | p. 74-81 | 2650-8427 | |
| 856 | 4 | 1 | _uhttps://stm.cairn.info/revue-medecine-de-la-reproduction-2024-1-page-74?lang=fr&redirect-ssocas=7080 |
| 999 |
_c1913345 _d1913345 |
||